=LDR 00000nam 2200000 4500 =001 INLIS000000000061926 =005 20230131080734 =035 ##$$a 0010-0123000028 =007 ta =008 230131###########################f#ind## =020 ##$$a 979-20-2844-7 =082 ##$$a 741.5 =084 ##$$a 741.5 SEI k =100 #$$a Seimaru Amagi =245 1#$$a Kindaichi Case 4 : $b Pembunuhan di Desa Yukikage /$c Seimaru Amagi, Fumiya Sato =260 ##$$a Jakarta :$b Elex Media Komputindo,$c 2002 =300 ##$$a 210 halaman : $b Ilus. ; $c 18 cm =650 #4$$a Fiksi - Bacaan =990 ##$$a 3202300013